[Event "Feffernitz Raika op 14th"]
[Site "Feffernitz"]
[Date "2005.08.28"]
[Round "9"]
[White "Helmreich, Christian"]
[Black "Glawischnig, Markus"]
[Result "1-0"]
[WhiteElo "1757"]
[BlackElo "1794"]
[PlyCount "51"]
[EventDate "2005.08.21"]
[EventType "swiss"]
[EventRounds "9"]
[EventCountry "AUT"]
[SourceTitle "CBM 108 Extra"]
[Source "ChessBase"]
[SourceDate "2005.11.04"]
[SourceVersion "1"]
[SourceVersionDate "2005.11.04"]
[SourceQuality "1"]

1. e4 e6 2. d4 d5 3. e5 c5 4. c3 Nc6 5. Nf3 cxd4 6. cxd4 Bd7 7. a3 Nge7 8. b4 Nf5 9. Be2 Qb6 10. Be3 Nxe3 11. fxe3 a5 12. b5 Ne7 13. g4 g6 14. Nc3 Nc8 15. h4 h5 16. gxh5 gxh5 17. Ng5 Ne7 18. Bxh5 Nf5 19. Nxf7 Rxh5 20. Qxh5 Ke7 21. Qxf5 Qc7 22. Qf6+ Ke8 23. 0-0 Qxc3 24. Rae1 Bxb5 25. Qxe6+ Be7 26. Nd6+ 1-0

[Event "Feffernitz Raika op 14th"]
[Site "Feffernitz"]
[Date "2005.08.21"]
[Round "1"]
[White "Kock, Hans Uwe"]
[Black "Glawischnig, Markus"]
[Result "1-0"]
[WhiteElo "2127"]
[BlackElo "1794"]
[PlyCount "67"]
[EventDate "2005.08.21"]
[EventType "swiss"]
[EventRounds "9"]
[EventCountry "AUT"]
[SourceTitle "CBM 108 Extra"]
[Source "ChessBase"]
[SourceDate "2005.11.04"]
[SourceVersion "1"]
[SourceVersionDate "2005.11.04"]
[SourceQuality "1"]

1. d4 Nf6 2. c4 g6 3. Nc3 Bg7 4. e4 d6 5. h3 0-0 6. Be3 Na6 7. Nge2 e5 8. d5 Nh5 9. Nc1 f5 10. exf5 Qh4 11. g3 Nxg3 12. fxg3 Qxg3+ 13. Bf2 Qf4 14. Qg4 Nb4 15. Qxf4 exf4 16. Kd2 Bxf5 17. Nd3 a5 18. a3 Na6 19. Bg2 f3 20. Bf1 Rae8 21. Re1 Bh6+ 22. Kd1 Ra8 23. Bd4 Nb4 24. Ne4 Nxd3 25. Bxd3 c6 26. dxc6 bxc6 27. Nf2 d5 28. c5 Rab8 29. Bxf5 Rxf5 30. Nd3 Rb3 31. Kc2 a4 32. Rhf1 Bg5 33. Re8+ Kf7 34. Re5 1-0

[Event "Feffernitz Raika op 08th"]
[Site "Feffernitz"]
[Date "1999.08.15"]
[Round "1.19"]
[White "Glawischnig, Markus"]
[Black "Feichter, Clemens"]
[Result "0-1"]
[WhiteElo "1711"]
[BlackElo "2170"]
[PlyCount "72"]
[EventDate "1999.08.??"]
[EventType "swiss"]
[EventRounds "9"]
[EventCountry "AUT"]
[SourceTitle "EXT 2004"]
[Source "ChessBase"]
[SourceDate "2003.11.25"]
[SourceVersion "1"]
[SourceVersionDate "2003.11.25"]
[SourceQuality "1"]

1. e4 g6 2. d4 Bg7 3. Nf3 Nf6 4. Nc3 d5 5. Nxd5 Nxd5 6. exd5 Qxd5 7. c3 0-0 8. Be3 Bg4 9. Be2 c6 10. h3 Bf5 11. Qb3 Qxb3 12. axb3 Nd7 13. d5 cxd5 14. Rxa7 Rxa7 15. Bxa7 Ra8 16. Be3 Ra1+ 17. Bd1 Bc2 18. Kd2 Bxb3 19. Bxb3 Rxh1 20. Bxd5 b6 21. Ne1 Be5 22. f4 Bc7 23. Ke2 e6 24. Be4 Nf6 25. Bc6 Nh5 26. g4 Rh2+ 27. Bg2 Nxf4+ 28. Bxf4 Bxf4 29. Kf1 Kf8 30. Kg1 Ke7 31. Nf3 Rxg2+ 32. Kxg2 Kd6 33. Ne1 Kd5 34. Kf3 Bd6 35. Nd3 e5 36. Nc1 f5 0-1

[Event "Feffernitz Raika op 07th"]
[Site "Feffernitz"]
[Date "1998.08.23"]
[Round "?"]
[White "Trink, Hugo"]
[Black "Glawischnig, Markus"]
[Result "1/2-1/2"]
[WhiteElo "1570"]
[BlackElo "1705"]
[PlyCount "45"]
[EventDate "1998.08.??"]
[EventType "swiss"]
[EventRounds "9"]
[EventCountry "AUT"]
[SourceTitle "EXT 2004"]
[Source "ChessBase"]
[SourceDate "2003.11.25"]
[SourceVersion "1"]
[SourceVersionDate "2003.11.25"]
[SourceQuality "1"]

1. d4 Nf6 2. c4 g6 3. Nc3 Bg7 4. e3 0-0 5. Nf3 c5 6. d5 d6 7. Bd3 e6 8. 0-0 exd5 9. cxd5 a6 10. Re1 b5 11. a3 Re8 12. h3 Nbd7 13. e4 Nb6 14. Bg5 Qc7 15. Rc1 h6 16. Bh4 g5 17. Bg3 g4 18. hxg4 Bxg4 19. e5 Nfxd5 20. exd6 Rxe1+ 21. Qxe1 Qd8 22. Nxd5 Nxd5 23. Rxc5 1/2-1/2

[Event "Feffernitz Raika op 07th"]
[Site "Feffernitz"]
[Date "1998.08.22"]
[Round "?"]
[White "Baronbeck, Johann"]
[Black "Glawischnig, Markus"]
[Result "1-0"]
[WhiteElo "1465"]
[BlackElo "1705"]
[PlyCount "73"]
[EventDate "1998.08.??"]
[EventType "swiss"]
[EventRounds "9"]
[EventCountry "AUT"]
[SourceTitle "EXT 2004"]
[Source "ChessBase"]
[SourceDate "2003.11.25"]
[SourceVersion "1"]
[SourceVersionDate "2003.11.25"]
[SourceQuality "1"]

1. f4 e6 2. Nf3 d5 3. e3 c5 4. c3 Nc6 5. d4 Nf6 6. Bd3 b6 7. 0-0 c4 8. Bc2 Bd6 9. h3 0-0 10. g4 Bb7 11. Bd2 b5 12. a3 a5 13. Be1 a4 14. Nbd2 Na5 15. Bh4 Be7 16. Bxf6 Bxf6 17. g5 Be7 18. h4 g6 19. Rf2 Nb3 20. Rb1 Bd6 21. Rh2 Ra7 22. h5 Qe7 23. hxg6 fxg6 24. Rh6 Qf7 25. Nh4 Bxf4 26. exf4 Qxf4 27. Ndf3 e5 28. Qe2 e4 29. Nxg6 Qg3+ 30. Kh1 hxg6 31. Rxg6+ Kf7 32. Ne5+ Ke8 33. Qh5 Kd8 34. Qh7 Bc8 35. Rd6+ Ke8 36. Qg6+ Ke7 37. Nc6# 1-0

[Event "Feffernitz Raika op 06th"]
[Site "Feffernitz"]
[Date "1997.08.19"]
[Round "?"]
[White "Arztmann, Wolfgang"]
[Black "Glawischnig, Markus"]
[Result "1-0"]
[WhiteElo "202"]
[BlackElo "1723"]
[PlyCount "51"]
[EventDate "1997.08.??"]
[EventType "swiss"]
[EventRounds "9"]
[EventCountry "AUT"]
[SourceTitle "EXT 2004"]
[Source "ChessBase"]
[SourceDate "2003.11.25"]
[SourceVersion "1"]
[SourceVersionDate "2003.11.25"]
[SourceQuality "1"]

1. Nf3 Nf6 2. e3 g6 3. c4 Bg7 4. Nc3 c5 5. Be2 0-0 6. 0-0 Nc6 7. a3 e6 8. Qc2 d5 9. d3 a6 10. Rb1 d4 11. Na4 Qd6 12. e4 Nd7 13. b3 Nde5 14. Nxe5 Nxe5 15. f4 f5 16. fxe5 Bxe5 17. h3 Bd7 18. Bh6 Rf6 19. Bg5 Rff8 20. Bf3 fxe4 21. Bxe4 Bh2+ 22. Kh1 Qg3 23. Bh6 e5 24. Bxf8 Rxf8 25. Rxf8+ Kxf8 26. Rf1+ 1-0